Click U.S. States on the Map - Whammies - Statistics

General Stats
  • This quiz has been taken 128 times
  • The average score is 39 of 50
Answers on the Map
Answers color-coded by a green-red scale on the quiz's map according to % correct below.
 
Answer Stats
Answer % Correct
Florida
91%
Hawaii
85%
North Dakota
85%
Alaska
84%
California
84%
New York
84%
Washington
84%
Georgia
83%
Rhode Island
83%
Texas
83%
Illinois
81%
Maine
81%
Nevada
81%
North Carolina
81%
South Dakota
81%
West Virginia
81%
Alabama
80%
Arizona
80%
Louisiana
80%
Montana
80%
New Hampshire
80%
New Mexico
80%
Kentucky
79%
Michigan
79%
Tennessee
79%
Vermont
79%
Arkansas
77%
Colorado
77%
Indiana
77%
Oklahoma
77%
South Carolina
77%
Utah
77%
Virginia
77%
Connecticut
76%
Idaho
76%
Iowa
76%
Maryland
76%
Minnesota
76%
Mississippi
76%
New Jersey
76%
Ohio
76%
Oregon
76%
Missouri
75%
Nebraska
75%
Pennsylvania
75%
Delaware
73%
Kansas
73%
Massachusetts
73%
Wyoming
73%
Wisconsin
68%
No matching quizzes found
Score Distribution
Percent of People with Each Score
Percentile by Number Answered
Your Score History
You have not taken this quiz